000 01144naa a22003137a 4500
001 BR9212512
003 BR-BrBNA
005 20240918181649.0
007 ta
008 230509b bl.||||| |||| 00| 0 por d
040 _aBR-BrBNA
_bpor
_cBiblioteca Nacional de Agricultura
041 _a(Pt)
072 _aN20; F01; E16
_b0430
_b4545
090 _aN20 BR9212512
100 1 _aTestezlaf, R.
111 1 _a10. Congresso Brasileiro de Engenharia Agricola
_cCampinas, SP (Brazil)
_d13-16 Jul 1980
245 1 _aEstimativa da area minima a ser cultivada para viabilizar a colheita mecanica do algodao
260 3 _aCampinas, SP (Brasil):
_c1980.
500 _aAnais do 10. Congresso Brasileiro de Engenharia Agricola Campinas, SP (Brasil): 1980. p. 336-341 (BR9212512-AM)N20
650 _aAlgodao
650 _aColheitadeira
650 _aColheita Mecanica
650 _aColheita
650 _aCusto Operacional
650 _aRendimento
773 0 _tAnais do 10. Congresso Brasileiro de Engenharia Agricola
_wN20 BR9212512
_gCampinas, SP (Brasil), 1980. p. 336-341
909 _a202404
_bLucia
_c55
_dLucia Elande
942 _cAM
_2AGRIS
999 _c326287
_d326287